Govt. of
Madhya Pradesh

Chinese Art (Record no. 37817)

MARC details
000 -LEADER
fixed length control field 004320000a22001690004500
003 - CONTROL NUMBER IDENTIFIER
control field MACL
005 - DATE AND TIME OF LATEST TRANSACTION
control field 20160102174956.0
008 - FIXED-LENGTH DATA ELEMENTS--GENERAL INFORMATION
fixed length control field 160102b xxu||||| |||| 00| 0 eng d
040 ## - CATALOGING SOURCE
Original cataloging agency MACL
Transcribing agency MACL
041 ## - LANGUAGE CODE
Language code of text/sound track or separate title English
082 ## - DEWEY DECIMAL CLASSIFICATION NUMBER
Classification number 709.51/BUS
100 ## - MAIN ENTRY--PERSONAL NAME
Personal name Bushell, Stephen W
9 (RLIN) 27492
245 ## - TITLE STATEMENT
Title Chinese Art
Remainder of title Victoria and Albert Museum vol 2
260 ## - PUBLICATION, DISTRIBUTION, ETC. (IMPRINT)
Date of publication, distribution, etc. 1910
Place of publication, distribution, etc. London
650 ## - SUBJECT ADDED ENTRY--TOPICAL TERM
Topical term or geographic name as entry element Fine Art
9 (RLIN) 7469
942 ## - ADDED ENTRY ELEMENTS (KOHA)
Koha item type Books
Call number prefix 709.51/BUS
Source of classification or shelving scheme

No items available.